Dental Anesthesia and Analgesia (Record no. 33148)

MARC details
000 -LEADER
fixed length control field 00316nam a22001337a 4500
003 - CONTROL NUMBER IDENTIFIER
control field SGT
082 ## - DEWEY DECIMAL CLASSIFICATION NUMBER
Classification number 617.966
Item number D89A
100 ## - MAIN ENTRY--PERSONAL NAME
Personal name Allen, G. D.
245 ## - TITLE STATEMENT
Title Dental Anesthesia and Analgesia
250 ## - EDITION STATEMENT
Edition statement 3rd Ed.
260 ## - PUBLICATION, DISTRIBUTION, ETC. (IMPRINT)
Name of publisher, distributor, etc C.B.S. Publishers & Distributers Pvt. Ltd.
Year of Publication 1989
300 ## - PAGE DESCRIPTION
No. of Pages 432
942 ## - ADDED ENTRY ELEMENTS (KOHA)
Source of classification or shelving scheme Dewey Decimal Classification
Koha item type Rare Books
Holdings
Withdrawn status Lost status Source of classification or shelving scheme Damaged status Use restrictions Not for loan Home library Current library Date acquired SGTU Total Checkouts Full call number Accession No. (Barcode) Date last seen Bill Date Koha item type
    Dewey Decimal Classification   Restricted Access Not For Loan SGT Dental Library SGT Dental Library 07/11/2025 SGTU   617.966 D89A FD10154 07/11/2025 07/11/2025 Rare Books